| 000 | 00807nam a2200229 a 4500 | ||
|---|---|---|---|
| 001 | 36259 | ||
| 003 | BD-RjUL | ||
| 005 | 20211209052448.0 | ||
| 008 | 190212s1939 ii a b 00100 eng d | ||
| 035 | _a(BD-RjUL)36356 | ||
| 040 |
_beng _cANL _aANL _dSL _dBD-RjUL |
||
| 041 | _aeng | ||
| 082 | 0 | 4 |
_a338.884 _bFEN 1939 |
| 110 | 1 |
_aFederation Of Indian Chambers Of Commerce and Industry. _9228093 |
|
| 245 | 1 | 0 |
_aNote on Economics of Restriction / _cFederation Of Indian Chambers Of Commerce and Industry. |
| 260 |
_aNew Delhi: _bThe Federation, _c[1939] |
||
| 300 |
_a[6], 21 p. : _bIll. ; _c24 cm. |
||
| 490 |
_aFederation Research Department Publication ; _vno. 1 |
||
| 650 |
_aEconomics _xRestriction _9228094 |
||
| 830 |
_aFederation Research Department Publication ; _vno. 1 _9228095 |
||
| 942 |
_2ddc _cRAR |
||
| 999 |
_c36259 _d36259 |
||